00771cam a2200217Ii 4500008004100000020002500041100001700066245014100083260004900224300003300273500002000306504004100326650003700367650004000404650003600444700001900480700002700499003000100526005001700527040000900544  a9781446276006 (pbk.)1 aStuart, Kaz.10aEvaluation practice for projects with young people :ba guide to creative research /cKaz Stuart, Lucy Maynard and Caroline Rouncefield. aLos Angeles :bSage Publications Ltd,c2015. axi, 228 p. :bill. ;c25 cm. aIncludes index. aIncludes bibliographical references. 0aYouthxServices forxEvaluation. 0aSocial work with youthxEvaluation. 0aEvaluationxStudy and teaching.1 aMaynard, Lucy.1 aRouncefield, Caroline.20230123122246.0 cNUST